[Event "Verbandsliga Mittelrhein-Ost 1213"]
[Site "Germany"]
[Date "2013.05.05"]
[Round "10.5"]
[White "Dreiling, Alexander"]
[Black "Dzierzenga, Stefan"]
[Result "1/2-1/2"]
[WhiteElo "1774"]
[BlackElo "2026"]
[PlyCount "32"]
[EventDate "2012.09.09"]
[EventType "team"]
[EventRounds "11"]
[EventCountry "GER"]
[SourceTitle "EXT 2015"]
[Source "ChessBase"]
[SourceDate "2014.11.20"]
[SourceVersion "1"]
[SourceVersionDate "2014.11.20"]
[SourceQuality "1"]
[WhiteTeam "Lohmar"]
[BlackTeam "Bonn Beuel"]
[WhiteTeamCountry "GER"]
[BlackTeamCountry "GER"]

1. e4 e6 2. d4 d5 3. Nd2 Nf6 4. e5 Nfd7 5. Bd3 c5 6. c3 Nc6 7. Ngf3 cxd4 8. cxd4 f6 9. 0-0 fxe5 10. Nxe5 Ndxe5 11. dxe5 g6 12. Nf3 Be7 13. Bh6 Bf8 14. Qc1 Qc7 15. Re1 Bg7 16. b4 a6 1/2-1/2

[Event "Verbandsliga Mittelrhein-Ost 1213"]
[Site "Germany"]
[Date "2013.01.13"]
[Round "6.4"]
[White "Klein, Manfred"]
[Black "Dreiling, Alexander"]
[Result "1/2-1/2"]
[WhiteElo "2026"]
[BlackElo "1774"]
[PlyCount "38"]
[EventDate "2012.09.09"]
[EventType "team"]
[EventRounds "11"]
[EventCountry "GER"]
[SourceTitle "EXT 2015"]
[Source "ChessBase"]
[SourceDate "2014.11.20"]
[SourceVersion "1"]
[SourceVersionDate "2014.11.20"]
[SourceQuality "1"]
[WhiteTeam "Siegburg"]
[BlackTeam "Lohmar"]
[WhiteTeamCountry "GER"]
[BlackTeamCountry "GER"]

1. e4 e5 2. Nf3 Nc6 3. Bb5 f5 4. Nc3 fxe4 5. Nxe4 Nf6 6. Nxf6+ Qxf6 7. Qe2 Be7 8. 0-0 0-0 9. Bxc6 dxc6 10. Nxe5 Bd6 11. f4 Bf5 12. d3 Rae8 13. Bd2 Bxe5 14. fxe5 Qxe5 15. Qxe5 Rxe5 16. Rae1 Rxe1 17. Rxe1 Kf7 18. Bf4 Rc8 19. Re3 g6 1/2-1/2

[Event "Troisdorf op"]
[Site "Troisdorf"]
[Date "2011.11.08"]
[Round "3"]
[White "Dreiling, Alexander"]
[Black "Natterer, Marco"]
[Result "1-0"]
[WhiteElo "1824"]
[BlackElo "1652"]
[PlyCount "77"]
[EventDate "2011.10.25"]
[EventType "swiss"]
[EventRounds "7"]
[EventCountry "GER"]
[SourceTitle "EXT 2013"]
[Source "ChessBase"]
[SourceDate "2012.11.22"]
[SourceVersion "1"]
[SourceVersionDate "2012.11.22"]
[SourceQuality "1"]

1. e4 e6 2. d4 d5 3. Nd2 dxe4 4. Nxe4 Be7 5. Nf3 Nf6 6. Bd3 Bd7 7. 0-0 Bc6 8. Nxf6+ Bxf6 9. c3 Nd7 10. Bf4 Nb6 11. Ne5 Bxe5 12. Bxe5 Qg5 13. Bg3 0-0-0 14. f4 Qd5 15. Qe2 h6 16. b4 a6 17. Rab1 Bb5 18. Bxb5 Qxb5 19. Qc2 Nc4 20. a4 Qd5 21. Qc1 Nd6 22. b5 axb5 23. axb5 b6 24. Bf2 Kd7 25. Rb4 Nc4 26. Qe1 Ra8 27. Qe2 Nd6 28. c4 Qe4 29. Qb2 Rhb8 30. c5 Nc8 31. d5 Qg6 32. dxe6+ fxe6 33. Qd4+ Ke8 34. Qe5 bxc5 35. Qxc5 Nd6 36. Qxc7 Rd8 37. Qc6+ Kf7 38. Rd4 Rac8 39. Qb6 1-0